000 00246nam a2200097Ia 4500
008 170619s9999 xx 000 0 und d
100 _aBotkin- Daniel
245 0 _aEnvironmental Science Earth as a Living Planet
260 _bWiley-India
260 _c2009
546 _aENGLISH
999 _c20607
_d20607